<?xml version="1.0" encoding="UTF-8"?>
<record
    xmlns:xsi="http://www.w3.org/2001/XMLSchema-instance"
    xsi:schemaLocation="http://www.loc.gov/MARC21/slim http://www.loc.gov/standards/marcxml/schema/MARC21slim.xsd"
    xmlns="http://www.loc.gov/MARC21/slim">

  <leader>00539nam a2200181Ia 4500</leader>
  <controlfield tag="008">100920s9999    xx            000 0 und d</controlfield>
  <datafield tag="082" ind1=" " ind2=" ">
    <subfield code="b">48684</subfield>
    <subfield code="a">24 &#x925; 85</subfield>
  </datafield>
  <datafield tag="100" ind1=" " ind2=" ">
    <subfield code="a">&#x926;&#x93F;&#x918;&#x947; &#x92A;&#x94D;&#x930;&#x92D;&#x93E;&#x915;&#x930;.</subfield>
  </datafield>
  <datafield tag="245" ind1=" " ind2=" ">
    <subfield code="a">&#x907;&#x902;&#x926;&#x94D;&#x930;&#x93E;&#x923;&#x940;.</subfield>
  </datafield>
  <datafield tag="260" ind1=" " ind2=" ">
    <subfield code="b">&#x926;&#x93F;&#x932;&#x940;&#x92A;&#x930;&#x93E;&#x91C; &#x92A;&#x94D;&#x930;&#x915;&#x93E;&#x936;&#x928;, &#x92A;&#x941;&#x923;&#x947;.</subfield>
    <subfield code="c">1985</subfield>
  </datafield>
  <datafield tag="300" ind1=" " ind2=" ">
    <subfield code="a">250</subfield>
    <subfield code="b">&#x938;&#x93E;&#x927;&#x940;</subfield>
  </datafield>
  <datafield tag="365" ind1=" " ind2=" ">
    <subfield code="b">54</subfield>
  </datafield>
  <datafield tag="520" ind1=" " ind2=" ">
    <subfield code="a">&#x938;&#x93E;&#x92F;&#x94B;.</subfield>
  </datafield>
  <datafield tag="630" ind1=" " ind2=" ">
    <subfield code="a">&#x907;&#x902;&#x926;&#x94D;&#x930;&#x93E;&#x923;&#x940;.</subfield>
  </datafield>
  <datafield tag="650" ind1=" " ind2=" ">
    <subfield code="a">&#x938;&#x93E;&#x92F;&#x94B;.</subfield>
  </datafield>
  <datafield tag="730" ind1=" " ind2=" ">
    <subfield code="a">&#x907;&#x902;&#x926;&#x94D;&#x930;&#x93E;&#x923;&#x940;.</subfield>
  </datafield>
  <datafield tag="942" ind1=" " ind2=" ">
    <subfield code="c">BOOK</subfield>
  </datafield>
  <datafield tag="999" ind1=" " ind2=" ">
    <subfield code="c">695567</subfield>
    <subfield code="d">695564</subfield>
  </datafield>
  <datafield tag="952" ind1=" " ind2=" ">
    <subfield code="0">0</subfield>
    <subfield code="1">0</subfield>
    <subfield code="4">0</subfield>
    <subfield code="7">0</subfield>
    <subfield code="a">SATVAC</subfield>
    <subfield code="b">SATVAC</subfield>
    <subfield code="c">24 &#x925; 85</subfield>
    <subfield code="d">0000-00-00</subfield>
    <subfield code="g">54.00</subfield>
    <subfield code="l">0</subfield>
    <subfield code="p">SATVAC-48684</subfield>
    <subfield code="r">2010-09-20 00:00:00</subfield>
    <subfield code="w">2010-09-20</subfield>
    <subfield code="y">BOOK</subfield>
    <subfield code="z">&#x938;&#x93E;&#x916;&#x933;&#x940; &#x92F;&#x94B;&#x91C;&#x928;&#x93E;</subfield>
  </datafield>
</record>
